Liedtext-Pokemon-Vertania City - Statistiken

Allgemein
  • Dieses Quiz wurde 29 mal gespielt
  • Das Durchschnittsergebnis liegt bei 93 aus 188
Antwortstatistiken
Antwort % Korrekt
nach
90%
(nach Vertania City)
90%
Outro
90%
(und der Text geht immer so weiter)
90%
Vertania City
90%
(Vertania City)
90%
Auf
85%
auf
85%
(Auf dem Weg)
85%
dem
85%
Ich
85%
ich
85%
(ich komm zürück-ich komm zurück)
85%
Weg
85%
bin
75%
Bin
75%
(bin auf dem Weg nach Vertania City)
75%
Pokemon
65%
das
60%
ein
55%
Freunde
55%
ist
55%
mein
50%
meine
50%
und
50%
(und)
50%
die
45%
(ich werd die Nummer eins)
45%
(sie)
45%
Ziel
45%
den
40%
der
40%
es
40%
Vertania City
40%
Wir
40%
wir
40%
zu
40%
als
35%
beste
35%
für
35%
sein
35%
sich
35%
sind
35%
Weit
35%
weiter
35%
(weiter)
35%
werde
35%
will
35%
Dort
30%
einen
30%
eins
30%
gehen
30%
kämpfen
30%
lohnt
30%
noch
30%
Nummer
30%
Reise
30%
suchen
30%
Team
30%
trainieren
30%
werden
30%
(dir)
25%
gewohnt
25%
größter
25%
härter
25%
(komm)
25%
meiner
25%
(schnapp)
25%
Sieg
25%
Trainer
25%
Traum
25%
hab
20%
Haus
20%
kann
20%
Ort
20%
paar
20%
schon
20%
sehen
20%
Alabastia
15%
Doch
15%
eines
15%
in
15%
Mut
15%
sammeln
15%
von
15%
Wald
15%
zurück
15%
Hier
10%
Kraft
10%
laufen
10%
Plan
10%
Spiel
10%
Tage
10%
Tages
10%
Unendlich
10%
viele
10%
Horizont
5%
neuen
5%
rüber
5%
Keine übereinstimmenden Quizze gefunden
Verteilung der Resultate
Anzahl Personen mit jedem Resultat
Perzentil nach korrekt beantworteten Fragen
Ihre Resultats-Entwicklung
Sie haben dieses Quiz noch nicht gespielt